Gares de la Haute Savoie - Statistiques

Statistiques générales
  • Ce quiz a été pris 220 fois
  • Le résultat moyen est 18 sur 39
Statistiques - réponses
Nombre de voyageur Gares % Correct
1 577 457 Annemasse
96%
3 000 715 Annecy
90%
612 130 La Roche sur Foron
87%
371 518 Saint Gervais les Bains - Le Fayet
87%
344 771 Bonneville
81%
581 775 Cluses
81%
366 452 Sallanches - Combloux - Megève
81%
714 703 Thonon les Bains
72%
696 431 Rumilly
69%
292 552 Evian les Bains
67%
39 986 Vallorcine
66%
181 288 Chamonix Mont Blanc
60%
238 398 Saint Julien en Genevois
60%
177 316 Marignier
55%
127 759 Saint Pierre en Faucigny
55%
180 261 Reignier
54%
118 940 Groisy - Thorens - La Caille
52%
30 197 Magland
52%
52 748 Pringy
47%
19 247 Les Houches
46%
70 220 Valleiry
41%
220 121 Bons en Chablais
40%
15 021 Argentière
37%
72 138 Machilly
34%
107 608 Perrignier
34%
14 930 Servoz
30%
6 823 Chamonix Aiguille du Midi
26%
1 272 Viaduc Sainte Marie
25%
28 188 Chedde
22%
6 690 Les Praz de Chamonix
19%
5 405 Taconnaz
16%
6 418 Les Bossons
14%
213 Vaudagne
14%
4 693 Les Pélerins
13%
3 968 Le Buet
12%
3 111 Les Tines
11%
776 La Joux
10%
5 335 Montroc le Planet
10%
2 487 Les Moussoux
9%
Aucun quiz correspondant
Distribution des résultats
% des personnes avec chaque résultat
Percentile par nombre de réponses
Votre historique - résultats
Vous n’avez pas pris ce quiz